Os oceanos (Registo nº 599)
[ vista simples ]
| 000 -Etiqueta do registo | |
|---|---|
| Cabeçalho | 00753cam a2200313 4500 |
| 005 - Identificador da versão | |
| Campo de controlo | 20240813121807.0 |
| 010 ## - Número internacional normalizado dos livros (ISBN) | |
| Número (ISBN) | 9720707410 |
| 021 ## - Número do Depósito Legal | |
| Código do país | PT |
| Número | 168384/01 |
| 035 ## - Other System Control Numbers | |
| System Control Number | 0000624 |
| System Control Number | 0000620 |
| System Control Number | 0000620 |
| System Control Number | 0000610 |
| 100 ## - Dados gerais de processamento | |
| Dados gerais de processamento | 20020912d2002 cday0pory5003 ba |
| 102 ## - Pais de publicação ou produção | |
| País de publicação | Portugal |
| 101 1# - Língua de publicação | |
| Língua do texto, banda sonora, etc. | Português |
| Língua do documento no original | Inglês |
| 106 ## - Campo de dados codificados: material textual | |
| Dados codificados do material textual | r |
| 105 ## - Campo de dados codificados: livros | |
| Dados codificados dos livros | a z 001yy |
| 215 ## - Descrição física | |
| Indicação específica da natureza do documento e extensão da espécie | 48, [2] p. |
| Outras indicações físicas | il. |
| Dimensões | 30 cm |
| 200 1# - Titulo e menção de responsabilidade | |
| Título próprio | Os oceanos |
| Primeira menção de responsabilidade | Sue Nicholson |
| 225 2# - Colecção | |
| Título próprio da colecção | Pequeno explorador |
| 205 ## - Menção da edição | |
| Menção da edição | [1ª ed.] |
| 210 ## - Publicação, Distribuição, etc. | |
| Lugar da edição, distribuição, etc. | Porto |
| Nome do editor, distribuidor, etc. | Porto Editora |
| Data da publicação, distribuição, etc. | 2002 |
| 304 ## - Notas relativas a título e menção de responsabilidade | |
| Texto da nota | Tít. orig.: Ocean explorer |
| 675 ## - Classificação Decimal Universal (CDU) | |
| Notação | 591.9(26) |
| Edição | BN |
| Língua da edição | por |
| Notação | 574.5 |
| 700 #1 - Nome de autor-pessoa física (responsabilidade principal) | |
| Número de registo de entrada de autoridade | 0000721 |
| Palavra de ordem | Nicholson |
| Outra parte do nome não tomada para palavra de ordem | Sue |
| 942 ## - Elementos de entrada adicionados (Koha) | |
| Tipo de item no Koha | Livro |
| Situação do levantamento | Origin of item (home branch) (coded) | Biblioteca de empréstimo | Código de barras | Circulation type (not for loan) | Tipo de documento | Nota do exemplar | Damaged status |
|---|---|---|---|---|---|---|---|
| Biblioteca Escolar Eng. Nuno Mergulhão | Biblioteca Escolar Eng. Nuno Mergulhão | BENM1102 | Livro | Sem mensagem |
